Statistiques concernant Tous les clubs du Big Five européen (2020-2021)

Cliquez ici pour prendre le quiz!

Statistiques générales

  • Ce quiz a été pris 208 fois
  • Le résultat moyen est 55 sur 98

Statistiques - réponses

% Correct
Ligue 1Paris Saint-Germain
98%
Ligue 1Olympique de Marseille
96%
Ligue 1Olympique Lyonnais
96%
Ligue 1LOSC Lille
93%
Premier LeagueManchester City
93%
Premier LeagueManchester United
93%
Ligue 1AS Monaco
91%
LigaAtletico Madrid
91%
Premier LeagueChelsea FC
91%
Premier LeagueLiverpool FC
90%
LigaReal Madrid
90%
Premier LeagueArsenal FC
89%
LigaFC Barcelone
89%
Ligue 1Girondins de Bordeaux
88%
BundesligaBayern Munich
86%
Ligue 1FC Nantes
86%
Ligue 1Stade Rennais FC
86%
Ligue 1OGC Nice
85%
Ligue 1RC Lens
85%
Serie AJuventus Turin
84%
Ligue 1AS Saint-Étienne
83%
Serie AInter Milan
83%
Ligue 1RC Strasbourg Alsace
82%
Premier LeagueTottenham FC
82%
Serie AAC Milan
80%
BundesligaBorussia Dortmund
80%
LigaFC Séville
80%
Ligue 1Montpellier MHSC
76%
Ligue 1FC Metz
75%
Premier LeagueLeicester City
75%
Serie ASSC Naples
74%
Premier LeagueAston Villa
73%
Premier LeagueWest Ham United
73%
Ligue 1Angers SCO
72%
Serie AAS Rome
72%
Ligue 1Stade Brestois 29
70%
LigaBetis Séville
68%
LigaValence CF
68%
Serie ALazio Rome
67%
Ligue 1FC Lorient
66%
BundesligaRB Leipzig
66%
Premier LeagueNewcastle United
64%
Ligue 1Stade de Reims
64%
Serie AAtalanta Bergame
63%
Premier LeagueEverton FC
62%
LigaReal Sociedad
57%
Premier LeagueLeeds United
56%
Serie AACF Fiorentina
55%
LigaVillareal CF
55%
LigaAthletic Bilbao
54%
Premier LeagueCrystal Palace FC
54%
Premier LeagueWolverhampton Wanderers
54%
Premier LeagueBrighton & Hove Albion
52%
Ligue 1Dijon FCO
52%
BundesligaEintracht Francfort
51%
Ligue 1Nîmes Olympique
50%
Premier LeagueSouthampton FC
49%
Serie ATorino FC
49%
BundesligaFC Union Berlin
47%
BundesligaBayer Leverkusen
46%
Premier LeagueBurnley FC
46%
LigaGetafe CF
44%
BundesligaVfL Wolfsburg
43%
Premier LeagueFC Fulham
41%
BundesligaSchalke 04
41%
Serie AUC Sampdoria
39%
Serie AGenoa CFC
37%
Serie AUS Sassuolo
37%
BundesligaWerder Brême
37%
LigaCadix CF
36%
BundesligaFC Cologne
36%
BundesligaBorussia Mönchengladbach
35%
Serie AUdinese Calcio
35%
BundesligaSC Fribourg
34%
LigaGrenade CF
33%
Serie AHellas Verone
33%
LigaCelta Vigo
32%
BundesligaVfB Stuttgart
31%
Serie ACagliari Calcio
30%
BundesligaHertha Berlin
30%
Serie AParme Calcio 1913
30%
LigaElche CF
29%
Premier LeagueSheffield United
29%
Serie ABologne FC
28%
LigaLevante UD
27%
BundesligaTFG Hoffenheim
27%
Premier LeagueWest Bromwich Albion
25%
LigaDeportivo Alavès
23%
LigaCA Osasuna
22%
LigaReal Valladolid
22%
LigaSD Eibar
22%
BundesligaAugsburg FC
21%
Serie ABenevento Calcio
18%
Serie ASpezia Calcio
17%
Serie AFC Crotone
13%
BundesligaArminia Bielefeld
11%
LigaSD Huesca
9%
BundesligaFSV Mayence 05
3%

Distribution des résultats

Percentile par nombre de réponses

% des personnes avec chaque résultat

Votre développement - résultats

Vous n’avez pas pris ce quiz